5HLuxD.jpg

KING HENRY VIII SENIOR AND PRIMARY SCHOOL LIBRARY OPAC

MOUNTAIN (Record no. 4870)

000 -LEADER
fixed length control field 00312nam a22001217a 4500
008 - FIXED-LENGTH DATA ELEMENTS--GENERAL INFORMATION
fixed length control field 250416b ||||| |||| 00| 0 eng d
020 ## - INTERNATIONAL STANDARD BOOK NUMBER
International Standard Book Number 9780753468104
082 ## - DEWEY DECIMAL CLASSIFICATION NUMBER
Classification number 591.753 CAL
100 ## - MAIN ENTRY--PERSONAL NAME
Personal name CALLERY,SEAN
Relator term AUTHOR
245 ## - TITLE STATEMENT
Title MOUNTAIN
260 ## - PUBLICATION, DISTRIBUTION, ETC.
Place of publication, distribution, etc. 175 FIFTH AVE,NEW YORK,NY 10010
Name of publisher, distributor, etc. KINGFISHER
Date of publication, distribution, etc. 2012
942 ## - ADDED ENTRY ELEMENTS (KOHA)
Source of classification or shelving scheme
Holdings
Withdrawn status Lost status Source of classification or shelving scheme Damaged status Not for loan Collection code Permanent Location Current Location Shelving location Date acquired Total Checkouts Full call number Barcode Date last seen Date last checked out Price effective from Koha item type Public note
          Non-Fiction KH8 Primary School Library KH8 Primary School Library Non Fiction 2025-04-16 5 591.753 CAL KHPL000006725 2026-02-03 2026-01-27 2025-04-16 Books - Non Ficton KH8 PRIMARY LIBRARY

Powered By KH8 IT Dept